00928naa a2200217 i 4500001000400000003000400004005001700008008003900025040000800064080000800072100012300080245009300203260001000296500002100306650002700327650004200354650003100396655003000427773014200457711011100599BPPBPK20180207115109.0140331s1996 pl f |100 0 pol cBPK a536 aBOHDAL, Tadeusz.d1996 - .bPolitechnika Koszalińska - Wydział Mechaniczny,cZakład Termomechaniki i Chłodnictwa aThe simplyfied theoretical model of channel surface boiling extension /cTadeusz Bohdal. c1996. aDane z autopsji. aBoiling heat transfer. aHeat transfer in ustabile conditions. aRefrigerating engineering. 0aMateriały konferencyjne. iW :tZeszyty Naukowe Politechniki Świętokrzyskiej : Heat transfer with change of phase. Part 1 i 2. -g1996, s. 103-112kMechanika 61 aInternational Conference on Heat Transfer with Change of Phase HEAT`96d(1996 ;cKielce, Polska).pHEAT`96